00962nam a2200241Ia 4500003000400000005001700004008004100021020002900062040001700091082002200108100001900130245005600149250001100205260003000216300001600246650001500262700001800277942000900295952013600304952013600440952013100576999001300707IIN20240201163317.0231217s9999 xx 000 0 und d cRs.475.00a9788131253250 aIINbEnglish a150.2461073 bBAB1 aBabu, Stephen 1 aPsychology for NursescStephen Babu and T. Gayathri a2nd ed bElsevieraNew Delhic2020 axii, 223 p.1 aPsychology1 aGayathri, T.  cBOOK 00102ddc40708Purches BookaIINbIINcGENd2023-12-17g475.00l0o150.2461073 BABp727r2023-12-17 21:32:24t1w2023-12-17yBOOK 00102ddc40708Purches BookaIINbIINcGENd2023-12-17g475.00l0o150.2461073 BABp728r2023-12-17 21:32:24t2w2023-12-17yBOOK 00102ddc40708PURCHaIINbIINcGENd2025-03-11g625.00l0o150.2461073 BABp2017r2025-05-19 10:36:05t3w2025-05-19yBOOK c732d732